01779nam a2200289 450000100030000000300040000300500170000700800410002402000150006504000080008004100130008808200150010110000290011624000170014524500800016226000440024230000110028652010270029765000250132465000300134965000150137965000120139465000180140665500120142465500160143670000370145231OSt20250528074009.0250121b |||||||g |||| 00| 1 eng d a8535904980 bpor hengapor a813bA934n1 aAuster, Paul,d1947-2024 aOracle Night aNoite do Oráculo /cAuster, Paul ; Tradução de José Rubens Siqueira aSão PaulobCompanhia das Letrasc2004 a224 p. aA descoberta de um caderno misterioso vira a vida de um homem de cabeça para baixo neste romance compulsivamente legível de "um dos grandes escritores do nosso tempo" (San Francisco Chronicle). Vários meses após sua recuperação de uma doença quase fatal, o romancista Sidney Orr entra em uma papelaria no Brooklyn e compra um caderno azul. É 18 de setembro de 1982 e, pelos próximos nove dias, Orr viverá sob o feitiço deste livro em branco, preso dentro de um mundo de premonições assustadoras e eventos desconcertantes que ameaçam destruir seu casamento e minar sua fé na realidade. O hipnotizante décimo primeiro romance de Paul Auster parece uma história de fantasmas à moda antiga. Mas não há fantasmas neste livro - apenas seres humanos de carne e osso, vagando pelos reinos assombrados da vida cotidiana. Oracle Night é um tour de force narrativo que confirma a reputação de Auster como um dos escritores mais ousados ​​e originais em atividade na América hoje. 0aLiteratura Americana 0aCrime e Investigação  0aMistério 0aEspanto 0aPsicológico 0aRomance 0aFicção  aJosé Rubens SiqueiraeTradutor